[Event "PRO League Group Stage"]
[Site "chess.com INT"]
[Date "2018.01.18"]
[Round "1"]
[White "Puranik, Abhimanyu"]
[Black "Gupta, Abhijeet"]
[Result "0-1"]
[WhiteTitle "GM"]
[BlackTitle "GM"]
[WhiteElo "2520"]
[BlackElo "2610"]
[WhiteTeam "Mumbai Movers"]
[BlackTeam "Delhi Dynamite"]
[WhiteFideId "5061245"]
[BlackFideId "5010608"]
[EventDate "2018.01.18"]

1. e4 e6 2. d4 d5 3. Nd2 c5 4. Ngf3 cxd4 5. exd5 Qxd5 6. Bc4 Qd8 7. O-O Nc6 8.
Nb3 a6 9. Nbxd4 Nxd4 10. Nxd4 Qc7 11. Qe2 Bd6 12. h3 Ne7 13. c3 O-O 14. Re1 Ng6
15. Bd3 Bd7 16. Qe4 Rae8 17. Bc2 f5 18. Qd3 e5 19. Bb3+ Kh8 20. Nc2 e4 21. Qe2
f4 22. Qc4 Bc6 23. Nd4 Ne5 24. Qf1 Nd3 25. Rd1 f3 26. g4 Nxf2 27. Qxf2 e3 28.
Bxe3 Bg3 29. Ne6 Bxf2+ 30. Bxf2 Rxe6 31. Bxe6 h6 32. Re1 Qf4 33. Rad1 Bb5 34.
Rd4 Qf6 35. Re3 Qg6 36. Rd2 Be2 37. Kh2 Qb1 0-1

[Event "PRO League Group Stage"]
[Site "chess.com INT"]
[Date "2018.01.18"]
[Round "1"]
[White "Puranik, Abhimanyu"]
[Black "Aradhya, Garg"]
[Result "1-0"]
[WhiteTitle "GM"]
[WhiteElo "2520"]
[BlackElo "2289"]
[WhiteTeam "Mumbai Movers"]
[BlackTeam "Delhi Dynamite"]
[WhiteFideId "5061245"]
[BlackFideId "25006746"]
[EventDate "2018.01.18"]

1. e4 e5 2. Nf3 Nc6 3. Bb5 a6 4. Ba4 d6 5. O-O Bd7 6. d4 Nf6 7. d5 Nb8 8. Bxd7+
Nbxd7 9. Re1 g6 10. c4 Bg7 11. Nc3 O-O 12. Rb1 a5 13. a3 Kh8 14. b4 axb4 15.
axb4 Ng8 16. Nb5 Bh6 17. Bxh6 Nxh6 18. c5 Ra6 19. Qc2 Nf6 20. Ra1 Rxa1 21. Rxa1
Qd7 22. c6 bxc6 23. dxc6 Qc8 24. Ra7 Qb8 25. Rb7 Qa8 26. Qc1 Qa2 27. Nc3 Qa8 28.
h3 Nhg8 29. Rxc7 Rb8 30. b5 Qa5 31. Rxf7 Qb4 32. c7 Rc8 33. Nd5 Nxd5 34. exd5 h6
35. Qc2 e4 36. Nh4 Ne7 37. Rxe7 Qd4 38. Qxe4 Qxe4 39. Rxe4 Rxc7 40. Nxg6+ 1-0

[Event "PRO League Group Stage"]
[Site "chess.com INT"]
[Date "2018.01.18"]
[Round "1"]
[White "Gupta, Abhijeet"]
[Black "Kunte, Abhijit"]
[Result "1/2-1/2"]
[WhiteTitle "GM"]
[BlackTitle "GM"]
[WhiteElo "2610"]
[BlackElo "2499"]
[WhiteTeam "Delhi Dynamite"]
[BlackTeam "Mumbai Movers"]
[WhiteFideId "5010608"]
[BlackFideId "5002265"]
[EventDate "2018.01.18"]

1. Nf3 Nf6 2. c4 c5 3. Nc3 b6 4. g3 Bb7 5. Bg2 Nc6 6. O-O e6 7. e4 d6 8. d4 Nxd4
9. Nxd4 cxd4 10. Qxd4 Be7 11. b3 O-O 12. Bb2 a6 13. Rfd1 Qc7 14. Rac1 Rab8 15.
h3 Rfd8 16. Kh2 Bf8 17. f4 Rbc8 18. Rd2 e5 19. Qf2 exf4 20. gxf4 Re8 21. Re2 Qc5
22. Qxc5 bxc5 23. Rf1 Rc7 24. e5 Bxg2 25. Rxg2 dxe5 26. fxe5 Nd7 27. Nd5 Rc6 28.
Rgf2 Nxe5 29. Bxe5 Rxe5 30. Rxf7 Bd6 31. Kh1 h6 32. Rd7 Rg5 33. Re1 Bg3 34. Re8+
Kh7 35. Rdd8 Rd6 36. Rc8 Be5 37. h4 Rh5 38. Kg2 Rd7 39. Kf3 Rf7+ 40. Ke4 Bd6 41.
Rh8+ Kg6 42. Rc6 Rxh4+ 43. Ke3 Rh3+ 44. Ke4 Rh4+ 45. Kd3 Rh3+ 46. Ke4 Rh4+ 1/2-1/2

[Event "PRO League Group Stage"]
[Site "chess.com INT"]
[Date "2018.01.18"]
[Round "1"]
[White "Gupta, Abhijeet"]
[Black "Ghosh, Diptayan"]
[Result "1-0"]
[WhiteTitle "GM"]
[BlackTitle "GM"]
[WhiteElo "2610"]
[BlackElo "2556"]
[WhiteTeam "Delhi Dynamite"]
[BlackTeam "Mumbai Movers"]
[WhiteFideId "5010608"]
[BlackFideId "5045207"]
[EventDate "2018.01.18"]

1. Nf3 Nf6 2. g3 g6 3. b3 Bg7 4. Bb2 O-O 5. Bg2 d5 6. c4 c6 7. O-O Bg4 8. d4
Bxf3 9. Bxf3 Nbd7 10. Nc3 e6 11. e3 Re8 12. Bg2 a6 13. Rc1 Qe7 14. Qe2 Red8 15.
Rfd1 Rac8 16. Qc2 Qe8 17. Re1 b5 18. cxd5 cxd5 19. Qe2 Nb6 20. Qd3 Bf8 21. Ne2
Bd6 22. Bc3 Rc6 23. Ba5 Rdc8 24. Qb1 Nbd7 25. Bd2 Kg7 26. Nf4 Qe7 27. Rxc6 Rxc6
28. Rc1 Rxc1+ 29. Qxc1 Bb4 30. Bxb4 Qxb4 31. Nd3 Qd6 32. Qc8 b4 33. Bf3 a5 34.
Kg2 g5 35. h3 h5 36. Qd8 Qa6 37. Ne5 g4 38. hxg4 hxg4 39. Nxg4 Qd3 40. Qxa5 Nxg4
41. Bxg4 Nf6 42. Bf3 Ne4 43. Qc7 Nd2 44. Qc1 e5 45. Bxd5 exd4 46. exd4 Qxd4 47.
Qc6 Qc3 48. Qb7 Kf6 49. Qxf7+ Ke5 50. Bc4 Kd6 51. Qd5+ Kc7 52. Qc5+ Kd7 53. Bb5+
Ke6 54. Qe3+ Kd5 55. Bd3 Kd6 56. Qf4+ Kc5 57. Qf5+ Kd4 58. Bc4 Qc1 59. Qf6+ Kc5
60. Qe7+ Kc6 61. Qxb4 Qe1 62. Qb5+ Kd6 63. Qd5+ Kc7 64. a4 Ne4 65. Qe5+ Kd8 66.
Qd4+ Ke7 67. Qe3 1-0

[Event "PRO League Group Stage"]
[Site "chess.com INT"]
[Date "2018.01.18"]
[Round "1"]
[White "Kunte, Abhijit"]
[Black "Lalith, Babu M R"]
[Result "1/2-1/2"]
[WhiteTitle "GM"]
[BlackTitle "GM"]
[WhiteElo "2499"]
[BlackElo "2542"]
[WhiteTeam "Mumbai Movers"]
[BlackTeam "Delhi Dynamite"]
[WhiteFideId "5002265"]
[BlackFideId "5024595"]
[EventDate "2018.01.18"]

1. Nf3 Nf6 2. g3 d5 3. Bg2 e6 4. O-O Be7 5. c4 O-O 6. d4 c6 7. Bf4 b6 8. Nc3 Ba6
9. cxd5 cxd5 10. Ne5 Bb7 11. Rc1 Nbd7 12. Nb5 Nxe5 13. Bxe5 a6 14. Nc3 Rc8 15.
Qd3 b5 16. a4 b4 17. Na2 Qb6 18. Rxc8 Rxc8 19. Rc1 Nd7 20. Bf4 a5 21. h4 h6 22.
h5 Rxc1+ 23. Nxc1 Qc6 24. Qd1 Ba6 25. e3 Nb6 26. b3 Nd7 27. Bf1 Bxf1 28. Kxf1
Nf6 29. Nd3 Ne4 30. f3 Nc3 31. Qc2 f6 32. Kg2 Qe8 33. g4 g6 34. hxg6 Kg7 35. Nf2
Bd8 36. Bd6 Qxg6 37. Bf8+ Kf7 38. Qxg6+ Kxg6 39. Bd6 Nb1 40. Nd3 Nd2 41. Nc5 Kf7
42. Kf2 Bb6 43. Ke2 Nb1 44. Kd3 Nc3 45. Nd7 Bd8 46. Nb8 f5 47. Nc6 Bb6 48. Bc5
Bc7 49. Ne5+ Ke8 50. Ng6 fxg4 51. fxg4 Ne4 52. Ke2 Nxc5 53. dxc5 Kd7 54. Nf4 Bd8
55. Kd3 Be7 56. c6+ Kxc6 57. Nxe6 Kd6 58. Nd4 Bg5 59. Nf5+ Ke5 60. Nd4 Kd6 61.
e4 Bf4 1/2-1/2

[Event "PRO League Group Stage"]
[Site "chess.com INT"]
[Date "2018.01.18"]
[Round "1"]
[White "Kunte, Abhijit"]
[Black "Vaibhav, Suri"]
[Result "0-1"]
[WhiteTitle "GM"]
[BlackTitle "GM"]
[WhiteElo "2499"]
[BlackElo "2542"]
[WhiteTeam "Mumbai Movers"]
[BlackTeam "Delhi Dynamite"]
[WhiteFideId "5002265"]
[BlackFideId "5045185"]
[EventDate "2018.01.18"]

1. Nf3 Nf6 2. g3 d5 3. Bg2 e6 4. O-O Be7 5. d3 O-O 6. Nbd2 c5 7. e4 Nc6 8. Re1
Qc7 9. e5 Nd7 10. Qe2 b5 11. Nf1 Bb7 12. h4 Nd4 13. Nxd4 cxd4 14. Bf4 Rac8 15.
Rac1 Qa5 16. Ra1 Qa4 17. Rec1 Rc7 18. Nh2 Rfc8 19. b3 Qa5 20. a4 bxa4 21. Rxa4
Qb6 22. Nf3 Nc5 23. Raa1 Na6 24. Ne1 Bb4 25. Nf3 Bc3 26. Rab1 Nb4 27. Ng5 h6 28.
Qh5 hxg5 29. hxg5 g6 30. Qh6 Qc5 31. Bf3 Qf8 32. Qh4 Qg7 33. Kg2 Kf8 34. Rh1 Ke7
35. Qg4 Nxc2 36. Rh6 Ne1+ 37. Kf1 Nxd3 38. Qh4 Ba6 39. Be2 Rc6 40. Rh7 Qg8 41.
Qh6 Bb4 42. Rg7 Qh8 43. Rh7 Nxf4 44. gxf4 Qxh7 45. Qxh7 Rc1+ 46. Rxc1 Rxc1+ 47.
Kg2 Bxe2 48. Qh8 d3 49. f5 gxf5 50. Qf6+ Kd7 51. Qxf7+ Be7 0-1

[Event "PRO League Group Stage"]
[Site "chess.com INT"]
[Date "2018.01.18"]
[Round "1"]
[White "Ladva, Ottomar"]
[Black "Reimanis, Ritvars"]
[Result "1-0"]
[WhiteTitle "GM"]
[BlackTitle "FM"]
[WhiteElo "2522"]
[BlackElo "2335"]
[WhiteTeam "Estonia Horses"]
[BlackTeam "Riga Magicians"]
[WhiteFideId "4500024"]
[BlackFideId "11602988"]
[EventDate "2018.01.18"]

1. Nf3 e6 2. g3 d5 3. Bg2 c6 4. O-O f5 5. c4 Nf6 6. b3 Nbd7 7. d4 a5 8. Ba3 Bxa3
9. Nxa3 Qe7 10. Nc2 Ne4 11. Nce1 Nd6 12. Qc2 O-O 13. Nd3 b6 14. Nfe5 Nxe5 15.
Nxe5 Bb7 16. Rfd1 Ne4 17. Rac1 Nf6 18. cxd5 exd5 19. Nxc6 Bxc6 20. Qxc6 Qxe2 21.
Bxd5+ Kh8 22. a4 Nxd5 23. Qxd5 f4 24. Re1 Qd2 25. Rcd1 Qc2 26. Qc4 Qb2 27. Re2
Qa3 28. Rde1 Rad8 29. d5 Qd6 30. Re6 Qxd5 31. Qxd5 Rxd5 32. Rxb6 h6 33. Rbe6
fxg3 34. hxg3 Rf3 35. R1e3 Rff5 36. Kg2 Kh7 37. Re7 Rc5 38. Rf3 Rg5 39. Rb7 h5
40. Rf4 Kh6 41. Rb8 Kh7 42. Rff8 Rc6 43. Kh3 Kg6 44. Rf4 Rd5 45. Rb7 Kh6 46.
Rff7 Rg6 47. Rb8 Kh7 48. Rff8 Rc6 49. Kh4 Kg6 50. Rb7 Kh7 51. Rfb8 Rc2 52. Rb5
Rd4+ 53. Kh3 Rxf2 54. Rxh5+ Kg6 55. Rxa5 Rd3 56. Rb6+ Kh7 57. Rh5+ Kg8 58. Rg5
Rf7 59. a5 Ra7 60. a6 Kh7 61. b4 Ra3 62. Rh5+ Kg8 63. Rb8+ Kf7 64. Rb7+ Kg6 65.
Rxa7 Kxh5 66. b5 g5 67. b6 g4+ 68. Kg2 Ra2+ 69. Kf1 Ra1+ 70. Ke2 Ra2+ 71. Kd1
Rxa6 72. Rxa6 1-0

[Event "PRO League Group Stage"]
[Site "chess.com INT"]
[Date "2018.01.18"]
[Round "1"]
[White "Ladva, Ottomar"]
[Black "Meskovs, Nikita"]
[Result "1/2-1/2"]
[WhiteTitle "GM"]
[BlackTitle "GM"]
[WhiteElo "2522"]
[BlackElo "2546"]
[WhiteTeam "Estonia Horses"]
[BlackTeam "Riga Magicians"]
[WhiteFideId "4500024"]
[BlackFideId "11602740"]
[EventDate "2018.01.18"]

1. g3 g6 2. Bg2 Bg7 3. d4 d5 4. Nf3 Nf6 5. O-O O-O 6. c4 c6 7. b3 dxc4 8. bxc4
c5 9. Bb2 Qb6 10. Qc1 Ne4 11. e3 Nc6 12. Ne5 Nd6 13. dxc5 Qxc5 14. Nxc6 bxc6 15.
Bxg7 Kxg7 16. Nd2 Be6 17. Nb3 Qxc4 18. Qb2+ f6 19. Rac1 Qb4 20. Rxc6 Rac8 21.
Qd4 a5 22. Rb6 Qxd4 23. Nxd4 Bxa2 24. Ra1 Bf7 25. Ra6 Nc4 26. Ne6+ Bxe6 27. Rxe6
Rc7 28. Ra6 Rfc8 29. Bd5 Rc5 30. Bxc4 Rxc4 31. R6xa5 1/2-1/2

[Event "PRO League Group Stage"]
[Site "chess.com INT"]
[Date "2018.01.18"]
[Round "1"]
[White "Lenderman, Aleksandr"]
[Black "Durarbayli, Vasif"]
[Result "1-0"]
[WhiteTitle "GM"]
[BlackTitle "GM"]
[WhiteElo "2611"]
[BlackElo "2622"]
[WhiteTeam "Montclair Sopranos"]
[BlackTeam "Webster Windmills"]
[WhiteFideId "2021285"]
[BlackFideId "13402935"]
[EventDate "2018.01.18"]

1. Nf3 d5 2. d4 Nf6 3. c4 c6 4. e3 Bf5 5. Nc3 e6 6. Nh4 Be4 7. f3 Bg6 8. Qb3 Qc7
9. Bd2 Be7 10. Rc1 dxc4 11. Qxc4 Ne4 12. Nxg6 Nxd2 13. Kxd2 hxg6 14. g3 Nd7 15.
Kc2 Nb6 16. Qe2 e5 17. dxe5 Qxe5 18. f4 Qa5 19. Kb1 O-O-O 20. Bg2 Kb8 21. h4 Na4
22. Nxa4 Qxa4 23. Rhd1 Bf6 24. e4 Rxd1 25. Rxd1 Bd4 26. e5 Rd8 27. Rd3 Kc7 28.
Qd2 Qc4 29. b3 Qc5 30. Be4 a5 31. g4 a4 32. Qc2 Qb4 33. Qd2 Bc3 34. Qxc3 Qb6 35.
Rxd8 Kxd8 36. Qd2+ Ke8 37. Kb2 axb3 38. axb3 Qg1 39. e6 fxe6 40. Bxg6+ Ke7 41.
Qb4+ Kf6 42. Bc2 c5 43. g5+ 1-0

[Event "PRO League Group Stage"]
[Site "chess.com INT"]
[Date "2018.01.18"]
[Round "1"]
[White "Lenderman, Aleksandr"]
[Black "Le, Quang Liem"]
[Result "0-1"]
[WhiteTitle "GM"]
[BlackTitle "GM"]
[WhiteElo "2611"]
[BlackElo "2737"]
[WhiteTeam "Montclair Sopranos"]
[BlackTeam "Webster Windmills"]
[WhiteFideId "2021285"]
[BlackFideId "12401137"]
[EventDate "2018.01.18"]

1. Nf3 c5 2. c4 Nc6 3. Nc3 g6 4. g3 Bg7 5. Bg2 e5 6. O-O Nge7 7. Ne1 O-O 8. Nc2
d6 9. Ne3 Be6 10. Ned5 Qd7 11. d3 Bh3 12. Rb1 Bxg2 13. Kxg2 f5 14. a3 Rac8 15.
f3 Rf7 16. b4 Nxd5 17. Nxd5 Ne7 18. Nxe7+ Rxe7 19. Be3 Qe6 20. bxc5 dxc5 21. Qc2
b6 22. Bg5 Bf6 23. Bd2 e4 24. fxe4 fxe4 25. dxe4 Rd8 26. Rbd1 Red7 27. e5 Bxe5
28. Bh6 Qc6+ 29. Kh3 Qe6+ 30. Kg2 Bg7 31. Bxg7 Kxg7 32. Rxd7+ Rxd7 33. Qc3+ Kg8
34. Qf3 Rd8 35. Rc1 Rd2 36. Kf2 Rd7 37. Kg1 Rf7 38. Qd3 Qf6 39. Qe4 Kg7 40. Rd1
Re7 41. Qd3 Qe5 42. Rd2 h5 43. Kg2 Kh6 44. Rc2 Rf7 45. Qd2+ Kh7 46. Qd3 Qa1 47.
e3 Qf6 48. Kg1 Qe5 49. Rf2 Re7 50. Rf3 Kh6 51. Kg2 Qe4 52. Qd6 Rf7 53. Qd5 Qc2+
54. Kh3 Rxf3 55. Qxf3 Qxc4 56. Qf8+ Kh7 57. Qe7+ Kh6 58. Qf8+ Kh7 59. Qe7+ Kg8
60. Qxa7 Qf1+ 61. Kh4 Qf6+ 62. Kh3 Qf1+ 63. Kh4 Qf5 64. Qa4 b5 65. Qd1 Qg4+ 66.
Qxg4 hxg4 67. Kxg4 b4 68. a4 b3 69. a5 b2 70. a6 b1=Q 71. a7 Qf5+ 72. Kh4 Qh5# 0-1

[Event "PRO League Group Stage"]
[Site "chess.com INT"]
[Date "2018.01.18"]
[Round "1"]
[White "Onischuk, Alexander"]
[Black "Kantans, Toms"]
[Result "0-1"]
[WhiteTitle "GM"]
[BlackTitle "GM"]
[WhiteElo "2681"]
[BlackElo "2478"]
[WhiteTeam "Estonia Horses"]
[BlackTeam "Riga Magicians"]
[WhiteFideId "14101025"]
[BlackFideId "11602945"]
[EventDate "2018.01.18"]

1. d4 Nf6 2. c4 g6 3. Nc3 d5 4. cxd5 Nxd5 5. e4 Nxc3 6. bxc3 Bg7 7. Be3 c5 8.
Nf3 Qa5 9. Qd2 O-O 10. Rc1 Nc6 11. d5 Rd8 12. Bd3 Bg4 13. O-O Rac8 14. dxc6 Bxf3
15. cxb7 Rb8 16. Qc2 Bg4 17. Rb1 Rd7 18. Rb5 Qxc3 19. Qxc3 Bxc3 20. Rfb1 Rxd3
21. Bxc5 Bd4 22. Bxd4 Rxd4 23. f3 Bd7 24. Ra5 Ra4 25. Rc5 Kf8 26. Rc7 Ke8 27.
Rb2 Ra6 28. Rd2 Rd6 29. Rdc2 Kd8 30. Kf2 Rb6 31. R7c5 R8xb7 32. Kg3 f6 33. e5
Rb5 34. exf6 exf6 35. R5c3 Ke7 36. Re2+ Re5 37. Rd2 Be6 38. Ra3 a5 39. h4 Rc5
40. Rd4 Rb4 41. Rxa5 Rxa5 42. Rxb4 Rxa2 43. Rb5 Rd2 44. Ra5 Kf7 45. Ra7+ Rd7 46.
Ra5 h5 47. Kf4 Rd4+ 48. Kg3 Rd2 49. Ra7+ Bd7 50. Kf4 Ke6 51. Ra6+ Rd6 52. Ra5
Rd4+ 53. Kg3 Bc6 54. Ra6 Rc4 55. Ra7 Rc2 56. Ra5 Bd5 57. Ra6+ Ke5 58. Ra7 Bc4
59. Ra1 Rb2 60. Rc1 Bb5 61. Re1+ Kf5 62. Rc1 g5 63. Rc5+ Kg6 64. Rc1 gxh4+ 65.
Kh2 Bd7 66. Rd1 Bf5 0-1

[Event "PRO League Group Stage"]
[Site "chess.com INT"]
[Date "2018.01.18"]
[Round "1"]
[White "Onischuk, Alexander"]
[Black "Studer, Noel"]
[Result "1-0"]
[WhiteTitle "GM"]
[BlackTitle "GM"]
[WhiteElo "2681"]
[BlackElo "2476"]
[WhiteTeam "Estonia Horses"]
[BlackTeam "Riga Magicians"]
[WhiteFideId "14101025"]
[BlackFideId "1319620"]
[EventDate "2018.01.18"]

1. d4 Nf6 2. c4 e6 3. Nc3 Bb4 4. Bg5 h6 5. Bh4 c5 6. d5 d6 7. e3 e5 8. Bd3 e4 9.
Bc2 Bxc3+ 10. bxc3 O-O 11. Ne2 Nbd7 12. O-O Ne5 13. Bxf6 Qxf6 14. Ng3 Nxc4 15.
Nxe4 Qe7 16. Qe2 Na3 17. Ng3 Nxc2 18. Qxc2 b5 19. e4 a5 20. f4 Bd7 21. Rae1 Rae8
22. e5 Qd8 23. Qf2 Qc7 24. Nh5 Bg4 25. Nxg7 Kxg7 26. Qg3 h5 27. h3 Qd8 28. hxg4
h4 29. Qf3 Rh8 30. g5 Ref8 31. e6 Qe7 32. Qg4 Rfg8 33. exf7 Qxf7 34. Re6 Re8 35.
Rfe1 h3 36. gxh3 c4 37. f5 Qa7+ 38. Kg2 1-0

[Event "PRO League Group Stage"]
[Site "chess.com INT"]
[Date "2018.01.18"]
[Round "1"]
[White "Ghasi, Ameet K"]
[Black "Pavasovic, Dusko"]
[Result "0-1"]
[WhiteTitle "IM"]
[BlackTitle "GM"]
[WhiteElo "2475"]
[BlackElo "2540"]
[WhiteTeam "London Towers"]
[BlackTeam "Ljubljana Turtles"]
[WhiteFideId "409200"]
[BlackFideId "14600986"]
[EventDate "2018.01.18"]

1. Nf3 d5 2. g3 Bg4 3. Bg2 Nd7 4. O-O c6 5. b3 e5 6. h3 Be6 7. Bb2 Bd6 8. d3 f6
9. c4 Ne7 10. Nbd2 O-O 11. a3 a5 12. e3 Nc5 13. Qe2 dxc4 14. bxc4 Qd7 15. Kh2
Bf5 16. Ne1 Rad8 17. a4 Bb8 18. d4 Ne6 19. Nb3 exd4 20. exd4 Rfe8 21. Nf3 Ng6
22. Qd1 Nef4 23. Nc5 Qc7 24. Qb3 Nxg2 25. Kxg2 b6 26. Nd3 Qd7 27. Ng1 Be4+ 28.
Kh2 Qf5 29. Rad1 Nh4 30. f4 Ng2 31. Nf2 Bc2 32. Qxb6 Ne3 33. Rc1 Nxf1+ 34. Rxf1
Bxa4 35. Bc3 Qc2 36. Bxa5 Qxc4 37. Re1 Rc8 38. Ra1 Bb5 39. Rd1 Qa4 40. Bc3 Qc2
41. Bd2 Be2 42. Qb1 Bxd1 43. Qxd1 Qxd1 44. Nxd1 Rcd8 45. Be3 c5 46. Nf3 Ba7 47.
Kg2 cxd4 48. Bd2 Re2+ 49. Kf1 d3 50. h4 Rc8 51. Ne1 Rxd2 0-1

[Event "PRO League Group Stage"]
[Site "chess.com INT"]
[Date "2018.01.18"]
[Round "1"]
[White "Ghasi, Ameet K"]
[Black "Lenic, Luka"]
[Result "0-1"]
[WhiteTitle "IM"]
[BlackTitle "GM"]
[WhiteElo "2475"]
[BlackElo "2662"]
[WhiteTeam "London Towers"]
[BlackTeam "Ljubljana Turtles"]
[WhiteFideId "409200"]
[BlackFideId "14603853"]
[EventDate "2018.01.18"]

1. Nf3 c5 2. g3 g6 3. Bg2 Bg7 4. O-O Nc6 5. c4 e5 6. Nc3 d6 7. a3 a5 8. d3 Nge7
9. Bd2 O-O 10. Rb1 Rb8 11. Ne1 Be6 12. Nd5 b5 13. b3 Bd7 14. Nc2 Nxd5 15. Bxd5
Ne7 16. Bg2 Be6 17. Ne3 Qc7 18. b4 cxb4 19. axb4 a4 20. Qc1 Qd7 21. Rd1 d5 22.
cxb5 Rfc8 23. Qa3 Qxb5 24. Ra1 e4 25. dxe4 dxe4 26. Bxe4 Qxe2 27. Bd3 Qf3 28.
Rac1 Nd5 29. Re1 Rxc1 30. Qxc1 Nxb4 31. Be2 Qa8 32. Nc4 Bh3 33. f3 Bf5 34. g4
Nd3 35. Qd1 Nxe1 36. gxf5 a3 37. Nxa3 Nxf3+ 38. Bxf3 Qxa3 39. fxg6 hxg6 40. Bf4
Qc5+ 41. Kh1 Be5 42. Bh6 Qf2 43. Bg2 Qh4 0-1

[Event "PRO League Group Stage"]
[Site "chess.com INT"]
[Date "2018.01.18"]
[Round "1"]
[White "Ostrovskiy, Andrey"]
[Black "Ni, Hua"]
[Result "0-1"]
[WhiteTitle "IM"]
[BlackTitle "GM"]
[WhiteElo "2448"]
[BlackElo "2670"]
[WhiteTeam "Las Vegas Desert Rats"]
[BlackTeam "Chengdu Pandas"]
[WhiteFideId "14110326"]
[BlackFideId "8601160"]
[EventDate "2018.01.18"]

1. e4 e5 2. Nf3 Nc6 3. Bb5 Nf6 4. d3 Bc5 5. Bxc6 dxc6 6. Qe2 Qe7 7. Nbd2 Bg4 8.
h3 Bh5 9. Nc4 Nd7 10. a3 a5 11. Be3 f6 12. O-O O-O 13. Bxc5 Nxc5 14. Ne3 Ne6 15.
Nf5 Qc5 16. Rfc1 Rfd8 17. Qe3 Qxe3 18. fxe3 c5 19. Nd2 a4 20. Rf1 Rd7 21. Rf2
Bf7 22. g4 Rad8 23. Raf1 c4 24. Nxc4 Ng5 25. Kg2 Bxc4 26. dxc4 Nxe4 27. Re2 Rd2
28. Re1 Kf7 29. Ng3 Rxe2+ 30. Rxe2 Nd2 31. c5 Nc4 32. b3 axb3 33. cxb3 Nxa3 34.
Ra2 Nb5 35. Ra5 c6 36. Ne4 Rd3 37. Kf2 Rxb3 38. Ra8 Nc3 39. Nd6+ Ke6 40. e4 Nb5
41. Nf5 g6 42. Ne3 Nc3 43. Re8+ Kf7 44. Rh8 Nxe4+ 45. Kf3 Kg7 46. Rc8 Nxc5 47.
h4 Ne6 48. Rb8 f5 0-1

[Event "PRO League Group Stage"]
[Site "chess.com INT"]
[Date "2018.01.18"]
[Round "1"]
[White "Ostrovskiy, Andrey"]
[Black "Chu, Ruotong"]
[Result "0-1"]
[WhiteTitle "IM"]
[WhiteElo "2448"]
[BlackElo "2267"]
[WhiteTeam "Las Vegas Desert Rats"]
[BlackTeam "Chengdu Pandas"]
[WhiteFideId "14110326"]
[BlackFideId "8605653"]
[EventDate "2018.01.18"]

1. e4 e5 2. Nf3 Nf6 3. Nxe5 d6 4. Nf3 Nxe4 5. Qe2 Qe7 6. d3 Nf6 7. Bg5 Qxe2+ 8.
Bxe2 Be7 9. Nc3 a6 10. O-O h6 11. Bh4 O-O 12. Rfe1 Nc6 13. Bf1 Bg4 14. Nd4 Nxd4
15. Rxe7 g5 16. Bg3 Rfc8 17. f3 Be6 18. Bf2 Nc6 19. Rxe6 fxe6 20. d4 Re8 21. a3
Rad8 22. Rd1 Kg7 23. h3 d5 24. Ne2 e5 25. dxe5 Nxe5 26. Ng3 h5 27. b3 h4 28. Ne2
Ng6 29. Bd4 b6 30. b4 Ne5 31. f4 gxf4 32. Nxf4 Kf7 33. Bxa6 c6 34. Rf1 Kg8 35.
Bxe5 Rxe5 36. Ng6 Re6 37. Bd3 Ne4 38. Nxh4 Rf8 39. Nf3 c5 40. bxc5 bxc5 41. c4
d4 42. h4 Ng3 43. Rb1 Re3 44. Bg6 Ne2+ 45. Kf2 Nf4 46. h5 Rxa3 47. Rb7 d3 48.
Be4 Nxh5 49. Bd5+ Kh8 50. Ke3 Nf4 51. Ng5 Nxd5+ 52. cxd5 Re8+ 53. Ne6 c4 54. Rc7
Rc3 55. g4 Rc2 56. g5 d2 57. Ke2 c3 58. g6 Rxe6+ 59. dxe6 Rc1 60. Rd7 Re1+ 61.
Kf2 Rxe6 0-1

[Event "PRO League Group Stage"]
[Site "chess.com INT"]
[Date "2018.01.18"]
[Round "1"]
[White "Moussard, Jules"]
[Black "Thorfinnsson, Bragi"]
[Result "1-0"]
[WhiteTitle "GM"]
[BlackTitle "IM"]
[WhiteElo "2571"]
[BlackElo "2426"]
[WhiteTeam "Marseille Migraines"]
[BlackTeam "Reykjavik Puffins"]
[WhiteFideId "642908"]
[BlackFideId "2300958"]
[EventDate "2018.01.18"]

1. Nf3 d5 2. g3 g6 3. Bg2 Bg7 4. d4 Nf6 5. O-O O-O 6. c3 c6 7. a4 a5 8. Qb3 Nbd7
9. Bf4 Qb6 10. Qa3 Re8 11. Nbd2 Qa6 12. Rfe1 h6 13. e4 Nxe4 14. Nxe4 dxe4 15.
Rxe4 Nf6 16. Rxe7 Bf8 17. Rxe8 Nxe8 18. Qb3 Be6 19. Qc2 Nd6 20. Re1 Bf5 21. Qc1
Qc4 22. Bxh6 Qxa4 23. Bxf8 Rxf8 24. Qh6 Ne8 25. Nh4 Ng7 26. d5 cxd5 27. Bxd5 Re8
28. Rxe8+ Qxe8 29. Nxf5 Qe1+ 30. Kg2 gxf5 31. Bxb7 Qe2 32. Qb6 f4 33. Bf3 Qd2
34. Qb8+ Kh7 35. Qxf4 Qxb2 36. Qxf7 Qxc3 37. Be4+ Kh8 38. Qf8# 1-0

[Event "PRO League Group Stage"]
[Site "chess.com INT"]
[Date "2018.01.18"]
[Round "1"]
[White "Moussard, Jules"]
[Black "Olafsson, Helgi"]
[Result "1-0"]
[WhiteTitle "GM"]
[BlackTitle "GM"]
[WhiteElo "2571"]
[BlackElo "2508"]
[WhiteTeam "Marseille Migraines"]
[BlackTeam "Reykjavik Puffins"]
[WhiteFideId "642908"]
[BlackFideId "2300010"]
[EventDate "2018.01.18"]

1. Nf3 d5 2. g3 b6 3. Bg2 Bb7 4. O-O Nf6 5. b3 e6 6. Bb2 Be7 7. c4 O-O 8. d3 c5
9. e3 Nc6 10. Nbd2 Qc7 11. Qe2 Rfd8 12. Rfd1 Rac8 13. a3 Qb8 14. Rac1 Rd7 15.
cxd5 Nxd5 16. h4 Bf6 17. Nc4 Bxb2 18. Qxb2 Nf6 19. b4 cxb4 20. axb4 b5 21. Nce5
Nxe5 22. Qxe5 Nd5 23. Qxb8 Rxb8 24. Rc5 Rc7 25. Nd4 Rxc5 26. bxc5 Nc3 27. Ra1 e5
28. c6 exd4 29. cxb7 Na4 30. exd4 Kf8 31. Rc1 Nb6 32. Ra1 Na4 33. Bc6 a6 34. Re1 1-0

[Event "PRO League Group Stage"]
[Site "chess.com INT"]
[Date "2018.01.18"]
[Round "1"]
[White "Smirnov, Anton"]
[Black "Tiglon, Bryce"]
[Result "0-1"]
[WhiteTitle "GM"]
[BlackTitle "IM"]
[WhiteElo "2527"]
[BlackElo "2385"]
[WhiteTeam "Australia Kangaroos"]
[BlackTeam "Seattle Sluggers"]
[WhiteFideId "3208923"]
[BlackFideId "2087456"]
[EventDate "2018.01.18"]

1. e4 e6 2. d4 d5 3. exd5 exd5 4. Qf3 Nf6 5. h3 Qe7+ 6. Be2 Ne4 7. Nc3 c6 8.
Nxe4 dxe4 9. Qb3 Be6 10. Bc4 Bxc4 11. Qxc4 g6 12. Ne2 Bg7 13. Bd2 Na6 14. h4
O-O-O 15. O-O-O f5 16. Bf4 Nc7 17. Qa4 a6 18. Bg5 Bf6 19. Bxf6 Qxf6 20. g3 Ne6
21. Qc4 Rd5 22. Kb1 Rhd8 23. c3 Kb8 24. Qb3 c5 25. dxc5 Nxc5 26. Qc2 Nd3 27. Nd4
Rc8 28. Qe2 Qb6 29. Ka1 Rc4 30. Rxd3 exd3 31. Qxd3 Rc8 32. a3 Re5 33. h5 Rce8
34. Qd2 Qc7 35. hxg6 hxg6 36. Rf1 Qe7 37. Nc2 Re2 38. Qd1 Rd8 39. Nd4 Re5 40.
Qd2 Re8 41. Nc2 Qc5 42. Nd4 Ka8 43. Qd1 Qd5 44. Rg1 Re4 45. Rf1 Qe5 46. Nc2 Qb5
47. Nd4 Qxf1 48. Qxf1 Re1+ 49. Qxe1 Rxe1+ 50. Ka2 Rf1 51. f3 Rg1 52. Kb3 Rxg3
53. Kc4 Rg2 54. b3 Kb8 55. Kd5 Kc7 56. Ke5 Kd7 57. Kf6 Kd6 58. a4 Rg3 59. a5 Rg2
60. Ne6 Rc2 61. Nd8 Rxc3 62. Kxg6 Rxf3 63. Nxb7+ Kc6 64. Nd8+ Kb5 65. Nb7 Rf1
66. Kg5 Rd1 0-1